Տաճատ Խաչվանքյան : (Record no. 219363)
[ view plain ]
| 000 -LEADER | |
|---|---|
| fixed length control field | 01397nam a2200289 a 4500 |
| 003 - CONTROL NUMBER IDENTIFIER | |
| control field | AM-YEHGA |
| 005 - DATE AND TIME OF LATEST TRANSACTION | |
| control field | 20250618073243.0 |
| 008 - FIXED-LENGTH DATA ELEMENTS--GENERAL INFORMATION | |
| fixed length control field | 071220s2007 ai r 000 0 arm d |
| 020 ## - INTERNATIONAL STANDARD BOOK NUMBER | |
| International Standard Book Number | 9994168029 |
| 040 ## - CATALOGING SOURCE | |
| Original cataloging agency | AM-YeHGA |
| 041 1# - LANGUAGE CODE | |
| Language code of text/sound track or separate title | arm |
| -- | rus |
| 090 ## - LOCALLY ASSIGNED LC-TYPE CALL NUMBER (OCLC); LOCAL CALL NUMBER (RLIN) | |
| -- | 220893 |
| 245 00 - TITLE STATEMENT | |
| Title | Տաճատ Խաչվանքյան : |
| Remainder of title | Նկարիչ / |
| Statement of responsibility, etc. | ՀՀ ԳԱԱ Արվեստի ին-տ ; Կազմ.՝ Արթուր Ավագյան, Խմբ՛ Սեդա Խանջյան, Թարգմ.՝ Աննա Ասատրյան, Լուսանկ.՝ Զավեն Սարգսյան. |
| 246 15 - VARYING FORM OF TITLE | |
| Title proper/short title | Тачат Хачвакян |
| Remainder of title | Художник |
| 260 ## - PUBLICATION, DISTRIBUTION, ETC. | |
| Place of publication, distribution, etc. | Երևան : |
| Name of publisher, distributor, etc. | ՀՀ ԳԱԱ արվեստի ին-տի հրատ., |
| Date of publication, distribution, etc. | 2007. |
| 300 ## - PHYSICAL DESCRIPTION | |
| Extent | 163 էջ : |
| Other physical details | նկ. |
| 600 14 - SUBJECT ADDED ENTRY--PERSONAL NAME | |
| Personal name | Խաչվանքյան, Տաճատ |
| 9 (RLIN) | 6824 |
| 650 14 - SUBJECT ADDED ENTRY--TOPICAL TERM | |
| Topical term or geographic name entry element | Հայ նկարիչներ |
| General subdivision | Կյանքն ու գործունեությունը |
| 700 1# - ADDED ENTRY--PERSONAL NAME | |
| Personal name | Ավագյան, Արթուր |
| Relator term | կազմ |
| Relationship | com |
| 9 (RLIN) | 6092 |
| 700 1# - ADDED ENTRY--PERSONAL NAME | |
| Personal name | Խանջյան, Սեդա |
| Relator term | խմբ |
| Relationship | edt |
| 700 1# - ADDED ENTRY--PERSONAL NAME | |
| Personal name | Ասատրյան, Աննա |
| Relator term | թարգմ. |
| Relationship | trl |
| 700 1# - ADDED ENTRY--PERSONAL NAME | |
| Personal name | Սարգսյան, Զավեն |
| Relator term | լուսանկ. |
| Relationship | pht |
| 9 (RLIN) | 2781 |
| 710 2# - ADDED ENTRY--CORPORATE NAME | |
| Corporate name or jurisdiction name as entry element | Գիտությունների ազգային ակադեմիա ՀՀ |
| 710 02 - ADDED ENTRY--CORPORATE NAME | |
| Corporate name or jurisdiction name as entry element | Արվեստի ինստիտուտ ՀՀ ԳԱԱ |
| 9 (RLIN) | 5751 |
| 856 4# - ELECTRONIC LOCATION AND ACCESS | |
| Uniform Resource Identifier | <a href="https://arar.sci.am/dlibra/publication/334128/edition/306055/content">https://arar.sci.am/dlibra/publication/334128/edition/306055/content</a> |
| Link text | Կարդալ առցանց |
| 942 ## - ADDED ENTRY ELEMENTS (KOHA) | |
| Source of classification or shelving scheme | Universal Decimal Classification |
| Koha item type | Գրքեր / Books |
| Withdrawn status | Lost status | Source of classification or shelving scheme | Damaged status | Not for loan | Collection | Home library | Current library | Date acquired | Cost, normal purchase price | Total checkouts | Full call number | Barcode | Date last seen | Price effective from | Koha item type | Public note | Shelving control number |
|---|---|---|---|---|---|---|---|---|---|---|---|---|---|---|---|---|---|
| Universal Decimal Classification | General | Fundamental Scientific Library | Fundamental Scientific Library | 28/12/2016 | 8000.00 | AIII/7597 | 230007597 | 28/12/2016 | 28/12/2016 | Գրքեր / Books | 30 Days Loan | ||||||
| General | Fundamental Scientific Library | Fundamental Scientific Library | 28/12/2016 | 5000.00 | AIII/7686 | 230007686 | 28/12/2016 | 28/12/2016 | Գրքեր / Books | 30 Days Loan | |||||||
| General | Fundamental Scientific Library | Fundamental Scientific Library | 23/08/2021 | AIII/9114 | FL0659080 | 23/08/2021 | 23/08/2021 | Գրքեր / Books | 30 Days Loan |
ՀՀ Գիտությունների ազգային ակադեմիայի հիմնարար գիտական գրադարան = Fundamental Scientific Library of NAS RA
All site content, except where otherwise noted, is licensed under a